| 000 | 00714nam a2200241 4500 | ||
|---|---|---|---|
| 003 | OSt | ||
| 005 | 20260601193405.0 | ||
| 008 | 260421b1993 mx |||| |||| 00| 0 spa d | ||
| 020 | _a9706203176 | ||
| 020 | _a9789706203175 | ||
| 040 |
_aICI _bspa _cICI |
||
| 050 | 4 |
_aNK1510 _bB65 |
|
| 100 | 1 |
_aBonsiepe, Gui, _d1934-, _935373 |
|
| 245 | 1 |
_aLas siete columnas del diseño / _cGui Bonsiepe |
|
| 246 | 1 | _a7 columnas del diseño | |
| 264 |
_bUniversidad Autónoma Metropolitana Azcapotzalcpo, _c1993 _aMéxico : |
||
| 300 |
_a1 volume (paginación varia) : _c25cm. |
||
| 336 |
_atexto _2rdacontent |
||
| 337 |
_asin medio _2rdamedia |
||
| 338 |
_avolumen _2rdacarrier |
||
| 650 | 0 |
_aDiseño _935374 |
|
| 942 |
_2lcc _cB |
||
| 999 |
_c21085 _d21085 |
||